00403 2200157 4500001002100000008004100021035002000062245003900082100001500121260003100136300002200167020002200189084001400211082000800225990001200233INLIS000000000002837 IND  a0010-0925000184 aAir Mata Sang PramuriacFila Widya aFila Widya aJakartabStory Housec2013 a220c(13 x 19 cm) a978-602-1588-08-6 a813 FIL a a813 a0755059